| 000 | 01322cad a22002175a 4500 | ||
|---|---|---|---|
| 001 | L137938 | ||
| 008 | 070509s2007 xxk f 000 0 eng d | ||
| 035 | _a(Sirsi) u137938 | ||
| 041 | 0 | _aeng | |
| 050 | 0 | 4 | _a658.99 $2 18 |
| 100 | 1 | _aDale, Jamie | |
| 245 | 0 | 0 |
_aInnovation in construction _bideas are the currency of the future _bsurvey 2007 _h[electronic resource] |
| 260 |
_aAscot _bCIOB _c2007 |
||
| 520 | _aPresents the findings of a survey of 459 construction industry professionals whose opinions were sought on the current state of innovation and research and development in construction. Reveals that nearly 50% of respondents would develop green technology and techniques, with ideas including carbon neutral construction materials, renewable energy systems and better waste management products. The internet and IT were viewed as the top innovations to hit construction in the last five years and 100% of respondents thought that innovation is important for the future of construction. | ||
| 590 | _aKA | ||
| 651 | 4 |
_aUnited Kingdom _y |
|
| 690 |
_aConstruction management _96230 |
||
| 710 | 2 |
_aChartered Institute of Building _92134 |
|
| 856 | 4 | 0 |
_uhttps://www.ciob.org.uk/sites/ciob.org.uk/files/WEB-INF/files/documents/InnovationReport.pdf _zView the survey free of charge at www.ciob.org.uk |
| 942 | _n0 | ||
| 999 |
_c106942 _d106942 |
||